Architectural surfaces : (Record no. 5833)
[ view plain ]
| 000 -LEADER | |
|---|---|
| fixed length control field | 01715cam a22004214a 4500 |
| 001 - CONTROL NUMBER | |
| control field | 13949738 |
| 003 - CONTROL NUMBER IDENTIFIER | |
| control field | OSt |
| 005 - DATE AND TIME OF LATEST TRANSACTION | |
| control field | 20260428170336.0 |
| 008 - FIXED-LENGTH DATA ELEMENTS--GENERAL INFORMATION | |
| fixed length control field | 050503s2005 nyua bc 001 0 eng |
| 010 ## - LIBRARY OF CONGRESS CONTROL NUMBER | |
| LC control number | 2005048800 |
| 020 ## - INTERNATIONAL STANDARD BOOK NUMBER | |
| International Standard Book Number | 0393730794 |
| 020 ## - INTERNATIONAL STANDARD BOOK NUMBER | |
| International Standard Book Number | 0393107280 |
| Qualifying information | CD-ROM |
| 020 ## - INTERNATIONAL STANDARD BOOK NUMBER | |
| International Standard Book Number | 9780500342183 |
| 020 ## - INTERNATIONAL STANDARD BOOK NUMBER | |
| International Standard Book Number | 0500342180 |
| Qualifying information | (CD-ROM) |
| 035 ## - SYSTEM CONTROL NUMBER | |
| System control number | 13949738 |
| 035 ## - SYSTEM CONTROL NUMBER | |
| System control number | (OCoLC)60323260 |
| 040 ## - CATALOGING SOURCE | |
| Original cataloging agency | DLC |
| Transcribing agency | Foundation University |
| Modifying agency | Foundation University |
| 042 ## - AUTHENTICATION CODE | |
| Authentication code | pcc |
| 050 00 - LIBRARY OF CONGRESS CALL NUMBER | |
| Classification number | NA 2750 |
| Item number | .J87 2002 |
| 100 1# - MAIN ENTRY--PERSONAL NAME | |
| Personal name | Juracek, Judy A. |
| 9 (RLIN) | 15755 |
| 245 10 - TITLE STATEMENT | |
| Title | Architectural surfaces : |
| Remainder of title | details for artists, architects, and designers / |
| Statement of responsibility, etc. | Judy A. Juracek, Peter Pennoyer, architectural consultant. |
| 250 ## - EDITION STATEMENT | |
| Edition statement | 1st ed. |
| 260 ## - PUBLICATION, DISTRIBUTION, ETC. | |
| Place of publication, distribution, etc. | New York : |
| Name of publisher, distributor, etc. | W.W. Norton, |
| Date of publication, distribution, etc. | c2002. |
| 264 ## - PRODUCTION, PUBLICATION, DISTRIBUTION, MANUFACTURE, AND COPYRIGHT NOTICE | |
| Copyright Date | 2002 |
| 300 ## - PHYSICAL DESCRIPTION | |
| Extent | 352 p. : |
| Other physical details | col. ill. ; |
| Dimensions | 29 cm. + |
| Accompanying material | 1 CD-ROM (4 3/4 in.) |
| Materials specified | books |
| Type of unit | books |
| 336 ## - CONTENT TYPE | |
| Content type term | text |
| Content type code | txt |
| Source | rdacontent |
| Materials specified | n |
| 337 ## - MEDIA TYPE | |
| Media type term | unmediated |
| Media type code | n |
| Source | rdamedia |
| Materials specified | n |
| 338 ## - CARRIER TYPE | |
| Carrier type term | volume |
| Carrier type code | nc |
| Source | rdacarrier |
| Materials specified | n |
| 504 ## - BIBLIOGRAPHY, ETC. NOTE | |
| Bibliography, etc. note | Includes bibliographical references (p. 343) and index. |
| 538 ## - SYSTEM DETAILS NOTE | |
| System details note | System requirements: Macintosh or Windows. |
| 650 #0 - SUBJECT ADDED ENTRY--TOPICAL TERM | |
| Topical term or geographic name entry element | Architecture |
| General subdivision | Details |
| Form subdivision | Catalogs. |
| 9 (RLIN) | 15756 |
| 655 #7 - INDEX TERM--GENRE/FORM | |
| Genre/form data or focus term | Catalogs. |
| Source of term | lcgft |
| Authority record control number or standard number | https://id.loc.gov/authorities/genreForms/gf2014026057 |
| 9 (RLIN) | 12662 |
| 700 1# - ADDED ENTRY--PERSONAL NAME | |
| Personal name | Pennoyer, Peter. |
| 9 (RLIN) | 15757 |
| 906 ## - LOCAL DATA ELEMENT F, LDF (RLIN) | |
| a | 7 |
| b | cbc |
| c | orignew |
| d | 1 |
| e | ocip |
| f | 20 |
| g | y-gencatlg |
| 942 ## - ADDED ENTRY ELEMENTS (KOHA) | |
| Source of classification or shelving scheme | Library of Congress Classification |
| Koha item type | Books |
| Classification part | NA 2750 |
| Item part | .2002 J87 |
| Call number prefix | (DAFA-Arch) |
| Withdrawn status | Lost status | Source of classification or shelving scheme | Damaged status | Not for loan | Collection code | Home library | Current library | Shelving location | Date acquired | Source of acquisition | Total Checkouts | Full call number | Barcode | Date last seen | Price effective from | Koha item type | Accession Number |
|---|---|---|---|---|---|---|---|---|---|---|---|---|---|---|---|---|---|
| Library of Congress Classification | Non-fiction | Foundation University Library | Foundation University Library | DoArchitecture & Fine Arts | 04/28/2026 | Donations | (DAFA-Arch) NA 2750 .2002 J87 | 0052026003008 | 04/28/2026 | 04/28/2026 | Books | DAFA-Archi-2026008 |
